| 000 | 00895nas a2200301 4500 | ||
|---|---|---|---|
| 001 | BR2012004126 | ||
| 003 | BR-BrBNA | ||
| 005 | 20231205120710.0 | ||
| 007 | ta | ||
| 008 | 230509b bl.|||p| |||| 00| 00por d | ||
| 040 |
_aBR-BrBNA _bpor _cBiblioteca Nacional de Agricultura |
||
| 041 | _a(Pt) | ||
| 072 | _aF03 | ||
| 100 | 1 | _aRibeiro, C.A.D. | |
| 100 | 1 | _aCosta, M. do P. | |
| 100 | 1 | _aSenna, D.S. de | |
| 100 | 1 | _aCaliman, J.P. | |
| 245 | 1 | _aFatores que afetam a germinação das sementes e a biomassa de plântulas de Tabebuia heptaphylla | |
| 650 | _aIPÊ ROXO | ||
| 650 | _aÁRVORE FLORESTAL | ||
| 650 | _aSEMENTE FLORESTAL | ||
| 650 | _aGERMINAÇÃO | ||
| 650 | _aPLÂNTULA | ||
| 650 | _aBIOMASSA | ||
| 773 | 0 |
_tFloresta (Brazil) _xISSN 0015-3826 _g(Jan-Mar 2012), v. 42 (1) p. 161-168 _wBR2012004126 |
|
| 909 |
_a202311 _bLúcia _c55 _dLúcia Elande |
||
| 942 |
_2AGRIS _n0 _cANA |
||
| 999 |
_c219831 _d219831 |
||